01432 a2200205 45000010003000000050017000030080041000200030015000610400040000760800083001162450089001992500011002882640034002993000018003335050691003510410008010421000019010507000025010698560132010947320260407155407.0260407a2007 arg spa dAR-UNSa-BCEJYS aAR-UNSa-BCEJYSbspacAR-UNSa-BCEJYS a658.15xAdministración financiera privada. Gestión financiera de empresas 10aFinanzas para empresas competitivaspconceptos esenciales para decisiones eficientes a2a. ed 1aBuenos Aires :bGranicac2007 a403 p.c22 cm a1. La información económico-financiera básica - 2. El análisis del break-even o punto muerto - 3. Análisis financiero mediante el uso de ratios - 4. El ciclo de caja. La cuenta de resultados y los resultados financieros - 5. El pronostico financiero de corto plazo en la empresa - 6. Una visión conceptual sobre el interés - 7. La valuación de recursos en distintos momentos del tiempo - 8. Los métodos de evaluación de proyectos: Los Unos - 9. Los métodos de evaluación de proyectos: Los Otros - 10. De cómo descontar qué cash-flows - 11. La estructura de capital - 12. El"Capital Asset Pricing Model"(CAPM - 13. La inversión en los mercados financieros.  aspa1 aMondino, Diana1 aPendás, Eugenio A.41uhttps://biblioeco.unsa.edu.ar/pmb/images/libros/Finanzas para empresas competitivas3-l116792.jpgyImagen de portadaqimage/jpeg